Szczegóły MARC21

Dojrzewanie : praktyczny podręcznik dla nastolatków i ich rodziców /

003 -Nazwa inst., której nr kontr. jest w polu 001 [,]
    • @
    • Nazwa instytucji, której n kontrolny jest w polu 001
    • NUKAT
005 -DATA I CZAS OSTATNIEJ MODYFIKACJI [,]
    • @
    • pole kontrolne
    • 20260411171003.0
020 -Międzynarod. znormalizowany nr książki - ISBN [ , ]
    • a
    • Numer ISBN
    • 8386688084 Find
040 -Instytucja sporządzająca opis [ , ]
    • a
    • Instytucja, która sporządziła opis (NP)
    • NUKAT
    • c
    • Instytucja, która sporządziła rekord (NP)
    • GD U/ib
041 -Język dokumentu [1, ]
    • a
    • Język tekstu (P)
    • polski
    • h
    • Język tekstu oryginalnego i/lub pośredniego (P)
    • angielski
942 -Rodzaj dokumentu [ , ]
    • c
    • Rodzaj dokumentu
    • Książka
100 -Hasło główne - nazwa osobowa [1, ]
    • a
    • Nazwa osobowa (NP)
    • Fenwick, Elizabeth
    • d
    • Daty biograficzne (NP)
    • (1935- ).
    • 9
    • KHW
    • 471380
245 -Strefa tytułu i oznaczenia odpowiedzialności [1,0]
    • a
    • Tytuł
    • Dojrzewanie : Find
    • b
    • Ciąg dalszy tytułu (NP)
    • praktyczny podręcznik dla nastolatków i ich rodziców / Find
    • c
    • Pozostałe elementy strefy tytułu i oznaczenia odpowiedzialności (NP)
    • Elizabeth Fenwick i Tony Smith ; [przekł. Anna Kaniewska et al.].
260 -Strefa adresu wydawniczego [ , ]
    • a
    • Miejsce wydania (P)
    • Warszawa ;
    • a
    • Miejsce wydania (P)
    • Kraków :
    • b
    • Nazwa wydawcy (P)
    • Real Press,
    • c
    • Data wydania (P)
    • 1995.
300 -Strefa opisu fizycznego [ , ]
    • a
    • Określenie formy książki i/lub objętość (NP)
    • 284 s. :
    • b
    • Oznaczenie ilustracji (NP)
    • il., tab. ;
    • c
    • Format (NP)
    • 24 cm.
336 -Typ zawartości [ , ]
    • a
    • Termin opisujący typ zawartości
    • Tekst
    • b
    • Kod określający zawartość
    • txt
    • 2
    • Źródło (terminu i kodu)
    • rdacontent
337 -Typ mediów [ , ]
    • a
    • Tryb odtwarzania
    • Bez urządzenia pośredniczącego
    • b
    • Kod typu mediów
    • n
    • 2
    • Źródło (terminu i kodu)
    • rdamedia
338 -Typ/rodzaj nośnika [ , ]
    • a
    • Hasło opisujące typ nośnika
    • Wolumin
    • b
    • Kod typu nośnika
    • nc
    • 2
    • Źródło (terminu i kodu)
    • rdacarrier
380 -Deskryptor - Forma dzieła (P) [ , ]
    • a
    • forma dzieła (NP)
    • Książki
504 -Uwaga dot. bibliogr. załącznikowej [ , ]
    • a
    • Uwaga dot. bibliografii załącznikowej
    • Indeks.
080 -Uniwersalna Klasyfikacja Dziesiętna [ , ]
    • a
    • Symbol klasyfikacji
    • 612.661
    • 9
    • UKD
    • 4558
    • 2
    • Identyfikator wydania tablic
    • UDC-P058
    • b
    • Dopowiedzenie
    • Dojrzewanie płciowe (dziewcząt i chłopców). Pokwitanie.
650 -Hasło przedmiotowe [ ,7]
    • a
    • Hasło przedmiotowe
    • Młodzież
    • 2
    • Źródło terminu
    • DBN
    • 9
    • KHW
    • 725745
650 -Hasło przedmiotowe [ ,7]
    • a
    • Hasło przedmiotowe
    • Relacje międzypokoleniowe
    • 2
    • Źródło terminu
    • DBN
    • 9
    • KHW
    • 722002
650 -Hasło przedmiotowe [ ,7]
    • a
    • Hasło przedmiotowe
    • Młodzież.
    • 2
    • Źródło terminu
    • kaba
    • 9
    • KHW
    • 120353
650 -Hasło przedmiotowe [ ,7]
    • a
    • Hasło przedmiotowe
    • Stosunki między pokoleniami
    • x
    • Określnik rzeczowy
    • poradniki.
    • 2
    • Źródło terminu
    • kaba
    • 9
    • KHW
    • 471485
655 -Hasło w funkcji tematu formalnego [ ,7]
    • a
    • Hasło
    • Poradnik
    • 2
    • Źródło terminu
    • DBN
    • 9
    • KHW
    • 721725
980 -Symbol UKD [ , ]
    • a
    • UKD
    • 612.661
700 -Hasło dodatkowe - nazwa osobowa [1, ]
    • a
    • Nazwa osobowa (NP)
    • Smith, Tony Find
    • d
    • Daty biograficzne (NP)
    • (1934-2009).
    • 9
    • KHW
    • 471382
700 -Hasło dodatkowe - nazwa osobowa [1, ]
    • a
    • Nazwa osobowa (NP)
    • Kaniewska, Anna. Find
    • e
    • Określenie rodzaju współpracy
    • Tł.
    • 9
    • KHW
    • 471381
920 -ISBN [ , ]
    • a
    • ISBN
    • 83-86688-08-4 Find
Data inwentaryzacji Lokalizacja Status udost. Numer inwentarzowy
1997-02-12BG1Pd.9440